| 000 | 01599cam a22003975i 4500 | ||
|---|---|---|---|
| 001 | 23766087 | ||
| 005 | 20250821094744.0 | ||
| 008 | 240708t20242019pk b 001 0 eng | ||
| 010 | _a 2024314390 | ||
| 020 | _a9789697347377 | ||
| 035 | _a23766087 | ||
| 037 | _bLibrary of Congress -- Islamabad Overseas Office | ||
| 040 |
_aDLC _beng _cDLC _erda |
||
| 042 | _alcode | ||
| 043 |
_aa-pk--- _aa-ai--- |
||
| 050 | 0 | 0 |
_aDS382 _b.K357 2024+ |
| 082 |
_a954.91 _bKAZ |
||
| 100 | 1 |
_aKāz̤mī, Muḥammad Raẓā, _d1945- _eauthor. _9128536 |
|
| 245 | 1 | 2 |
_aA concise history of Pakistan / _cM.R. Kazimi. |
| 250 | _aSecond edition. | ||
| 264 | 1 |
_aKarachi : _bOxford University Press, _c2024 |
|
| 264 | 4 | _c©2019 | |
| 300 |
_axiv, 530 pages ; _c22 cm. |
||
| 336 |
_atext _btxt _2rdacontent |
||
| 337 |
_aunmediated _bn _2rdamedia |
||
| 338 |
_avolume _bnc _2rdacarrier |
||
| 504 | _aIncludes bibliographical references (pages 515-517) and index | ||
| 520 | _aA single-volume history of Pakistan spanning from ancient through modern eras—covering Muslim nationalism, major personalities (e.g., Jinnah, Bhutto), diplomatic events like the Simla Agreement, and cultural as well as economic perspectives. | ||
| 546 | _aIn English | ||
| 651 | 0 |
_aPakistan _xHistory. |
|
| 651 | 0 |
_aIndia _xPolitics and government _y1919-1947. |
|
| 906 |
_a7 _bibc _corigode _d3 _encip _f20 _gy-gencatlg |
||
| 942 |
_2ddc _cBK |
||
| 999 |
_c614542 _d614542 |
||